Table des matiéres, contenues dans les dix premiers volumes de l´histoire et des memoires de l´Académie Royale des Inscriptions et Belles-Lettres (Record no. 151376)
[ view plain ]
| 000 -LEADER | |
|---|---|
| campo de control de longitud fija | 01025nam a2200229 i 4500 |
| 001 - NÚMERO DE CONTROL | |
| campo de control | 151376 |
| 003 - IDENTIFICADOR DE NÚMERO DE CONTROL | |
| campo de control | ES-MaACL |
| 005 - FECHA Y HORA DE LA ÚLTIMA TRANSACCIÓN | |
| campo de control | 20230906204003.0 |
| 008 - DATOS DE LONGITUD FIJA--INFORMACIÓN GENERAL | |
| campo de control de longitud fija | 990712s1740 fr |||| | fre d |
| 040 ## - FUENTE DE CATALOGACIÓN | |
| Centro catalogador/agencia de origen | CCPB | B |
| Lengua de catalogación | spa |
| Centro/agencia transcriptor | CCPB | B |
| 110 2# - ENTRADA PRINCIPAL--NOMBRE DE ENTIDAD CORPORATIVA | |
| Nombre de entidad corporativa o nombre de jurisdicción como elemento de entrada | Académie des inscriptions et belles-lettres (Francia) |
| 9 (RLIN) | 1230 |
| 245 10 - MENCIÓN DEL TÍTULO | |
| Título | Table des matiéres, contenues dans les dix premiers volumes de l´histoire et des memoires de l´Académie Royale des Inscriptions et Belles-Lettres |
| Resto del título | : Tome Onziéme. |
| 260 ## - PUBLICACIÓN, DISTRIBUCIÓN, ETC. | |
| Lugar de publicación, distribución, etc. | A Paris : |
| Nombre del editor, distribuidor, etc. | de l´Imprimerie Royale, |
| Fecha de publicación, distribución, etc. | 1740. |
| 300 ## - DESCRIPCIÓN FÍSICA | |
| Extensión | [2], 776 p. ; |
| Dimensiones | 25 cm. |
| 597 ## - NOTA DE DESCRIPCIÓN FÍSICA | |
| NOTA DE DESCRIPCIÓN FÍSICA | Sign.: []1, A-Z4, 2A-2Z4, 3A-3Z4, 4A-4Z4, 5A-5E4. |
| 597 ## - NOTA DE DESCRIPCIÓN FÍSICA | |
| NOTA DE DESCRIPCIÓN FÍSICA | Port. con grab. xil. |
| 597 ## - NOTA DE DESCRIPCIÓN FÍSICA | |
| NOTA DE DESCRIPCIÓN FÍSICA | Texto a dos col. |
| 599 ## - NOTA A LAS ILUSTRACIONES | |
| NOTA A LAS ILUSTRACIONES | Viñeta xil. en r. de A1. |
| 610 2# - PUNTO DE ACCESO ADICIONAL DE MATERIA--NOMBRE DE ENTIDAD CORPORATIVA | |
| Nombre de entidad corporativa o nombre de jurisdicción como elemento de entrada | Académie des inscriptions et belles-lettres (Francia) |
| 9 (RLIN) | 1230 |
| 610 2# - PUNTO DE ACCESO ADICIONAL DE MATERIA--NOMBRE DE ENTIDAD CORPORATIVA | |
| Nombre de entidad corporativa o nombre de jurisdicción como elemento de entrada | Académie des inscriptions et belles-lettres (Francia)- |
| Subdivisión general | Historia. |
| 9 (RLIN) | 134090 |
| 852 ## - LOCALIZACIÓN | |
| Ubicación | ES-MaACL |
| Número de control de estantería | R-1298-1343 |
| Nota libre | -- Enc. piel con super-libris dorado con león rampante |
| Estatus retirado | Estado de pérdida | Estado de daño | No para préstamo | Colección | Biblioteca de origen | Biblioteca actual | Ubicación en estantería | Fecha de adquisición | Total de préstamos | Signatura topográfica completa | Código de barras | Visto por última vez | Precio de reemplazo | Tipo de ítem Koha |
|---|---|---|---|---|---|---|---|---|---|---|---|---|---|---|
| Libros del s. XVIII | Biblioteca del Ateneo de Madrid | Biblioteca del Ateneo de Madrid | Depósito | 17/01/2008 | R-1298-1343 | 1157940 | 23/02/2023 | 23/02/2023 | Libro impreso antiguo |
